Music Quiz

Random Music Quiz

Grateful Dead Fare Thee Well Setlists Quiz Stats

 Plays Quiz not verified by Sporcle

Challenge
Share
Tweet
Embed
Score 0/94 Timer 10:00
0 Plays Today
Venue, Date Song % Correct
Santa Clara, 06/27/2015Truckin'
95%
Chicago, 07/5/2015Truckin'
95%
Chicago, 07/5/2015Touch Of Grey
91.3%
Chicago, 07/3/2015Scarlet Begonias
91.1%
Chicago, 07/3/2015Fire On The Mountain
91.1%
Chicago, 07/4/2015Shakedown Street
89.1%
Chicago, 07/5/2015China Cat Sunflower
88.9%
Chicago, 07/5/2015I Know You Rider
88.4%
Santa Clara, 06/27/2015Drums
87.6%
Santa Clara, 06/28/2015Drums
87.6%
Chicago, 07/3/2015Drums
87.6%
Chicago, 07/4/2015Drums
87.6%
Chicago, 07/5/2015Drums
87.6%
Santa Clara, 06/27/2015Space
87.1%
Santa Clara, 06/28/2015Space
87.1%
Chicago, 07/3/2015Space
87.1%
Chicago, 07/4/2015Space
87.1%
Chicago, 07/5/2015Space
87.1%
Chicago, 07/3/2015Bertha
86.7%
Chicago, 07/5/2015Attics Of My Life
86.7%
Chicago, 07/3/2015Ripple
86.5%
Chicago, 07/4/2015U.S. Blues
85.6%
Chicago, 07/5/2015Terrapin Station
85.6%
Santa Clara, 06/27/2015Uncle John's Band
85.4%
Santa Clara, 06/28/2015Brokedown Palace
85.4%
Chicago, 07/3/2015Box Of Rain
85.2%
Chicago, 07/5/2015Not Fade Away
85.1%
Santa Clara, 06/27/2015St. Stephen
84.5%
Santa Clara, 06/28/2015Sugar Magnolia
84.1%
Chicago, 07/3/2015Franklin's Tower
83.2%
Chicago, 07/5/2015Althea
83.2%
Santa Clara, 06/27/2015Casey Jones
83%
Venue, Date Song % Correct
Santa Clara, 06/27/2015Dark Star
82.7%
Chicago, 07/5/2015Estimated Prophet
82.7%
Chicago, 07/3/2015Slipknot!
82.5%
Chicago, 07/3/2015Help On The Way
81.7%
Santa Clara, 06/27/2015Cumberland Blues
80.3%
Chicago, 07/4/2015Cumberland Blues
80.3%
Santa Clara, 06/28/2015Hell In A Bucket
77.7%
Santa Clara, 06/28/2015Eyes Of The World
77.3%
Santa Clara, 06/27/2015The Other One
77.1%
Chicago, 07/5/2015Cassidy
76.9%
Chicago, 07/4/2015Friend Of The Devil
76.8%
Chicago, 07/3/2015Playing In The Band
76.2%
Chicago, 07/4/2015Deal
76%
Chicago, 07/3/2015Jack Straw
75.5%
Chicago, 07/4/2015One More Saturday Night
75.5%
Santa Clara, 06/28/2015Loser
73.8%
Santa Clara, 06/27/2015Morning Dew
72.7%
Chicago, 07/3/2015The Music Never Stopped
72.1%
Chicago, 07/5/2015Throwing Stones
71.6%
Santa Clara, 06/28/2015He's Gone
70.7%
Santa Clara, 06/27/2015Alligator
69.2%
Santa Clara, 06/28/2015Brown-Eyed Women
69.2%
Santa Clara, 06/27/2015The Eleven
68.8%
Chicago, 07/4/2015Standing On The Moon
68.8%
Chicago, 07/5/2015Unbroken Chain
67.9%
Chicago, 07/4/2015Me And My Uncle
67.7%
Santa Clara, 06/28/2015Loose Lucy
67.5%
Chicago, 07/4/2015West L.A. Fadeaway
67.5%
Chicago, 07/4/2015Stella Blue
67.5%
Chicago, 07/4/2015Bird Song
67.3%
Chicago, 07/4/2015Saint Of Circumstance
67%
Chicago, 07/5/2015Samson And Delilah
67%
Venue, Date Song % Correct
Chicago, 07/3/2015Passenger
66.2%
Chicago, 07/4/2015Lost Sailor
66.1%
Santa Clara, 06/27/2015Turn On Your Love Light
65.9%
Santa Clara, 06/28/2015Minglewood Blues
65.1%
Chicago, 07/4/2015Tennessee Jed
65.1%
Chicago, 07/5/2015Built To Last
65.1%
Santa Clara, 06/27/2015Viola Lee Blues
64.4%
Santa Clara, 06/28/2015Black Peter
64.4%
Chicago, 07/3/2015Crazy Fingers
64.4%
Santa Clara, 06/28/2015Feel Like A Stranger
63.8%
Santa Clara, 06/28/2015Wharf Rat
63.8%
Chicago, 07/5/2015Mountains Of The Moon
63.8%
Santa Clara, 06/28/2015Alabama Getaway
63.7%
Santa Clara, 06/28/2015I Need A Miracle
63.3%
Chicago, 07/3/2015The Wheel
62.9%
Chicago, 07/4/2015The Golden Road (To Unlimited Devotion)
62.4%
Santa Clara, 06/27/2015Cream Puff War
61.8%
Chicago, 07/5/2015Days Between
61.8%
Santa Clara, 06/28/2015Row Jimmy
61.1%
Santa Clara, 06/27/2015What's Become Of The Baby?
60.7%
Santa Clara, 06/27/2015Cryptical Envelopment
59.2%
Chicago, 07/3/2015New Potato Caboose
58.5%
Chicago, 07/4/2015Foolish Heart
57.7%
Chicago, 07/4/2015Liberty
57.6%
Chicago, 07/3/2015Let It Grow
56.8%
Santa Clara, 06/27/2015Born Cross-Eyed
55.7%
Santa Clara, 06/28/2015Mississippi Half-Step Uptown Toodeloo
55.4%
Santa Clara, 06/28/2015Death Don't Have No Mercy
52%
Chicago, 07/4/2015Little Red Rooster
50.6%
Chicago, 07/3/2015Mason's Children
46.1%

You're not logged in!

Compare scores with friends on all Sporcle quizzes.
Join for Free
OR
Log In

You Might Also Like...

Show Comments

Extras

Top Quizzes Today


Score Distribution

Your Account Isn't Verified!

In order to create a playlist on Sporcle, you need to verify the email address you used during registration. Go to your Sporcle Settings to finish the process.

Report this User

Report this user for behavior that violates our Community Guidelines.

Details: